Thea Stilton and the dragon's code / (Record no. 1757)

MARC details
000 -LEADER
fixed length control field 01145cam a2200337 a 4500
005 - DATE AND TIME OF LATEST TRANSACTION
control field 20230928105244.0
020 ## - INTERNATIONAL STANDARD BOOK NUMBER
International Standard Book Number 9780545103671 (pbk.)
020 ## - INTERNATIONAL STANDARD BOOK NUMBER
International Standard Book Number 0545103673 (pbk.)
040 ## - CATALOGING SOURCE
Original cataloging agency BTCTA
Transcribing agency BTCTA
Modifying agency GO3
-- IF9
-- JAG
-- EHH
-- UPZ
-- XY4
-- OCLCQ
-- DLC
Language of cataloging eng
050 00 - LIBRARY OF CONGRESS CALL NUMBER
Classification number PZ7
Item number .T336 2009
082 00 - DEWEY DECIMAL CLASSIFICATION NUMBER
Classification number [Fic]
Edition number 22
100 ## - MAIN ENTRY--PERSONAL NAME
Personal name Stilton, Thea
245 10 - TITLE STATEMENT
Title Thea Stilton and the dragon's code /
Statement of responsibility, etc. Geronimo Stilton ; [illustrations by Fabio Bono ... et al.].
260 ## - PUBLICATION, DISTRIBUTION, ETC.
Place of publication, distribution, etc. New York :
Name of publisher, distributor, etc. Scholastic,
Date of publication, distribution, etc. c2009.
300 ## - PHYSICAL DESCRIPTION
Extent 158 p. :
Other physical details col. ill., col. map ;
Dimensions 20 cm.
500 ## - GENERAL NOTE
General note "English translation... by Atlantyca S.p.A."--T.p. verso.
505 ## - FORMATTED CONTENTS NOTE
Formatted contents note M
520 ## - SUMMARY, ETC.
Summary, etc. Thea Stilton and her journalism class try to find a missing student.
521 0# - TARGET AUDIENCE NOTE
Target audience note 640 <br/>
Source Lexile
521 1# - TARGET AUDIENCE NOTE
Target audience note M <br/>
Source Raz-Plus
650 #1 - SUBJECT ADDED ENTRY--TOPICAL TERM
Topical term or geographic name entry element Mice
Form subdivision Fiction.
650 #1 - SUBJECT ADDED ENTRY--TOPICAL TERM
Topical term or geographic name entry element Missing persons
Form subdivision Fiction.
650 #1 - SUBJECT ADDED ENTRY--TOPICAL TERM
Topical term or geographic name entry element Journalists
Form subdivision Fiction.
650 #1 - SUBJECT ADDED ENTRY--TOPICAL TERM
Topical term or geographic name entry element Schools
Form subdivision Fiction.
650 #1 - SUBJECT ADDED ENTRY--TOPICAL TERM
Topical term or geographic name entry element Teachers
Form subdivision Fiction.
650 #1 - SUBJECT ADDED ENTRY--TOPICAL TERM
Topical term or geographic name entry element Mystery and detective stories.
700 1# - ADDED ENTRY--PERSONAL NAME
Personal name Bono, Fabio,
Relator term illustrator
906 ## - LOCAL DATA ELEMENT F, LDF (RLIN)
a 7
b cbc
c copycat
d 2
e ncip
f 20
g y-gencatlg
942 ## - ADDED ENTRY ELEMENTS (KOHA)
Source of classification or shelving scheme Dewey Decimal Classification
Koha item type Books
Suppress in OPAC No
999 ## -
-- 1757
-- 1757
Holdings
Withdrawn status Lost status Source of classification or shelving scheme Damaged status Not for loan Collection Home library Current library Shelving location Date acquired Total Checkouts Full call number Barcode Date last seen Date last checked out Copy number Price effective from Koha item type
    Dewey Decimal Classification     Juvenile Fiction Footprints International School Library Network Toul Kork Campus Footprints International School Library Network Toul Kork Campus TK Primary Library Room(4th Floor), Bookcase 3&4, Shelves 17-32, Yellow Books 09/28/2023 3 STI Fic PZ7.T336 FISTKG4A025 04/03/2026 03/20/2026 1 09/28/2023 Books
    Dewey Decimal Classification     Juvenile Fiction Footprints International School Library Network Toul Tom Poung Campus Footprints International School Library Network Toul Tom Poung Campus TTP Primary Yellow Bookshelves 02/25/2026   STI Fic PZ7.T336 2026-0271 02/25/2026   2 02/25/2026 Books